00485nam a2200181Ia 4500003000400000008004100004040001600045082001600061100001700077245007000094700002200164260003400186300001000220650001800230650001600248650001700264650002200281GCL140319s9999 xx 000 0 eng d aGCL / cGCL04a327.09bE S1 aEFRAT, MOSHE10aSUPERPOWERS AND CLIENT STATES IN THE MIDDLE EAST / cEFRAT, MOSHE1 aBERCOVITOH, JACOB a[S.N] : bROUTLEDGE ، c1991 a272 P04aUNITED STATES04aMIDDLE EAST04aSOVIET UNION04aFOREIGN RELATIONS